සත් ගව්වක්
Saved in:
| Format: | Book |
|---|---|
| Published: |
නුගේගොඩ :
දීපානි ප්රකාශකයෝ,
1966.
|
| Subjects: | |
| Tags: |
Add Tag
No Tags, Be the first to tag this record!
|
MARC
| LEADER | 00000nam a2200000 a 4500 | ||
|---|---|---|---|
| 003 | LK-CoNLD | ||
| 005 | 20231102143235.0 | ||
| 008 | 231102b |||||||| |||| 00| 0 ||| d | ||
| 017 | |b LK-CoNLD | ||
| 040 | |a LK-CoNLD |b SIN |c LK-CoNLD | ||
| 245 | |a සත් ගව්වක් |c / නාමෙල් වීරමුනි. | ||
| 260 | |a නුගේගොඩ : |b දීපානි ප්රකාශකයෝ, |c 1966. | ||
| 300 | |a පි. 64 ; | ||
| 500 | |a MW4043, MW4044 | ||
| 653 | |a Sinhalese poetry | ||
| 942 | |c BOOK | ||
| 945 | |c 14 |d Mahinda MIHINDUKULASOORIYA | ||
| 999 | |c 173231 |d 173231 | ||